Najsłynniejsi zawodnicy Włoch - Statystyki

Ogólne statystyki
  • Ten quiz został rozwiązany 76 razy
  • Średni wynik to 11 z 15
Statystyki odpowiedzi
Wartość
(Transfermarkt)
Klub Pozycja Zawodnik % Poprawnych
1 mln € Parma BR Buffon
94%
1,5 mln € Juventus ŚO Chiellini
89%
8 mln € Juventus ŚO Bonucci
88%
65 mln € PSG BR Donnarumma
88%
70 mln € Juventus PS Chiesa
86%
38 mln € Lazio N Immobile
85%
45 mln € Chelsea ŚP Jorginho
82%
48 mln € Napoli LS Insigne
78%
65 mln € Inter ŚPO Barella
69%
35 mln € Torino N Belotti
68%
35 mln € Sassuolo PS Berardi
63%
10 mln € Lazio ŚO Acerbi
51%
26 mln € Roma LO Spinazzola
51%
60 mln € Inter ŚO Bastoni
42%
2,5 mln € Genoa BR Sirigu
38%
Nie znaleziono quizów pasujących do podanych kryteriów
Rozkład punktacji
Procent ludzi z każdym wynikiem
Percentyl według liczby udzielonych odpowiedzi
Twoja historia wyników
Nie rozwiązałeś tego quizu